000 00266nam a2200121Ia 4500
008 190216s9999||||xx |||||||||||||| ||und||
100 _aSoorya Kumar Pandey
245 0 _aHindi-Bah Bah
260 _bPars Prakashan
300 _a126
650 _aHindi
942 _cBK
999 _c16158
_d16158